| 000 | 00532nam a2200169 i 4500 | ||
|---|---|---|---|
| 001 | 35778 | ||
| 003 | ES-MaACL | ||
| 005 | 20230906155218.0 | ||
| 007 | t| | ||
| 008 | 030214s1971 sp ||||1| spa d | ||
| 100 | 1 |
_aBoulanguer-Balleyguier, Geneviève. _930899 |
|
| 245 | 1 | 3 |
_aLa investigación en ciencias humanas / _cGeneviève Boulanguer-Balleyguier ; [traducción Luis Morente]. |
| 260 |
_aMadrid : _bMareva, _c[1971] |
||
| 300 |
_a172 p. ; _c21 cm. |
||
| 700 | 1 |
_aMorente, Luis. _983451 |
|
| 852 |
_aES-MaACL _jC-42405 _bR.80557 |
||
| 999 |
_c35778 _d35778 |
||